000 00524nmm a2200169Ia 4500
008 251105s9999||||xx |||||||||||||||||und||
020 _a9788499531762
041 _aspa
100 _aDíaz del Castillo, Bernal
245 0 _aHistoria verdadera de la conquista de la Nueva España. Vol. I
264 _a[Madrid, España] :
_bLinkgua,
_c2011
300 _a422 páginas
490 _aHistoria
650 _aHistory of the Americas: Latin America
856 _uhttps://public.digitaliapublishing.com/a/13281
942 _cCF
999 _c93058
_d93058